| 000 | 00688cab a2200229 4500 | ||
|---|---|---|---|
| 001 | X363 | ||
| 008 | 090401t1993 xxu||||| |||| 00| 0 eng d | ||
| 035 | _a(Sirsi) u65283 | ||
| 041 | _aeng | ||
| 245 | _aLegal update : can a professional man be responsible to a third party for his defective advice? | ||
| 260 | _c1993 | ||
| 350 | _a0 | ||
| 490 |
_aCS Monthly _bthe Building Surveyor _v2(4) January 1993, 10(1) |
||
| 520 | _aDiscusses NcNaughton v Hicks Anderson. | ||
| 650 | _aACCOUNTANTS | ||
| 650 | _aACCOUNTS | ||
| 650 | _aNEGLIGENCE | ||
| 650 | _aPROFESSIONAL ADVICE | ||
| 690 | _aMANAGEMENT-BUSINESS MANAGEMENT-PROFESSIONAL PRACTICE | ||
| 942 | _n0 | ||
| 948 | _c04/03/1997 | ||
| 999 |
_c40711 _d40711 |
||